[Event "Wohlen op 4th"]
[Site "Wohlen"]
[Date "2023.08.27"]
[Round "5"]
[White "Kazdagli, Benan"]
[Black "Paholok, Igor"]
[Result "1-0"]
[WhiteElo "2031"]
[BlackElo "1709"]
[PlyCount "34"]
[EventDate "2023.08.25"]
[EventType "swiss"]
[EventRounds "5"]
[EventCountry "SUI"]
[SourceTitle "EXT 2024"]
[Source "ChessBase"]
[SourceDate "2023.10.10"]
[SourceVersion "1"]
[SourceVersionDate "2023.10.10"]
[SourceQuality "1"]

1. e4 e6 2. Qe2 b6 3. Nf3 Bb7 4. g3 Nf6 5. Nc3 Bb4 6. d3 d5 7. exd5 Nxd5 8. Qe4 Bc6 9. Bg2 Qf6 10. Bd2 Bxc3 11. bxc3 Nxc3 12. Qc4 Nd5 13. 0-0 0-0 14. Rfe1 Bb7 15. Ne5 Qd8 16. Qe4 Nc6 17. c4 Ndb4 1-0

[Event "Istanbul op"]
[Site "Istanbul"]
[Date "2017.09.12"]
[Round "2"]
[White "Kazdagli, Benan"]
[Black "Shanava, Konstantine"]
[Result "0-1"]
[WhiteElo "1971"]
[BlackElo "2504"]
[PlyCount "72"]
[EventDate "2017.09.11"]
[EventType "swiss"]
[EventRounds "9"]
[EventCountry "TUR"]
[SourceTitle "CBM 180 Extra"]
[Source "ChessBase"]
[SourceDate "2017.10.06"]
[SourceVersion "1"]
[SourceVersionDate "2017.10.06"]
[SourceQuality "1"]

1. e4 g6 2. d4 Bg7 3. Nc3 c6 4. Nf3 d5 5. h3 f6 6. e5 Nd7 7. Bf4 fxe5 8. dxe5 Qb6 9. Qd2 Qxb2 10. Rb1 Qa3 11. Bd3 Nc5 12. 0-0 Nxd3 13. Qxd3 Nh6 14. e6 Qxc3 15. Qxc3 Bxc3 16. Bxh6 b5 17. Ng5 a5 18. f4 b4 19. f5 Ba6 20. Rf3 gxf5 21. Rxf5 Bc4 22. g4 Bxa2 23. Rbf1 0-0-0 24. Nf7 a4 25. Nxh8 Bxh8 26. Rf8 Bd4+ 27. Kg2 b3 28. cxb3 axb3 29. Bc1 Rxf8 30. Rxf8+ Kc7 31. Rf7 Kd6 32. Ba3+ c5 33. h4 Bb1 34. h5 Kxe6 35. Rf8 Be4+ 36. Kg3 b2 0-1

[Event "TUR-chT"]
[Site "Kocaeli"]
[Date "2014.08.29"]
[Round "13.5"]
[White "Kazdagli, Benan"]
[Black "Dogan, Nazmi Can"]
[Result "1/2-1/2"]
[WhiteElo "1935"]
[BlackElo "2135"]
[PlyCount "111"]
[EventDate "2014.08.18"]
[EventType "team-tourn"]
[EventRounds "13"]
[EventCountry "TUR"]
[SourceTitle "CBM 162 Extra"]
[Source "ChessBase"]
[SourceDate "2014.10.17"]
[SourceVersion "1"]
[SourceVersionDate "2014.10.17"]
[SourceQuality "1"]
[WhiteTeam "Denizsu Aquamatch"]
[BlackTeam "Akdeniz Belediyesi"]
[WhiteTeamCountry "TUR"]
[BlackTeamCountry "TUR"]

1. Nf3 Nf6 2. g3 g6 3. Bg2 Bg7 4. 0-0 0-0 5. c4 d6 6. d4 Nc6 7. Nc3 Bf5 8. Nh4 Bd7 9. e4 e5 10. d5 Na5 11. Qd3 b6 12. b4 Nb7 13. Bg5 h6 14. Bd2 Nh7 15. Rab1 a6 16. Be3 Nf6 17. f3 Nh5 18. Rfc1 Kh7 19. Bf1 Bf6 20. Ng2 Qe7 21. Be2 Bh3 22. Bd1 Bg5 23. Na4 Bxe3+ 24. Qxe3 a5 25. c5 axb4 26. cxb6 cxb6 27. Rxb4 Nc5 28. Qd2 Nxa4 29. Rxa4 b5 30. Rxa8 Rxa8 31. Bb3 Rc8 32. Rxc8 Bxc8 33. Qa5 Qb7 34. Ne3 Bd7 35. Qc3 Bh3 36. Kf2 Qa7 37. Ke2 Bd7 38. Qb4 Qa6 39. a3 Kg7 40. Bc2 Kf8 41. Bd3 Ke7 42. Kf2 Qa7 43. Bxb5 Bxb5 44. Qxb5 Qxa3 45. Ng4 Qa7+ 46. Kg2 Nf6 47. Nxf6 Kxf6 48. Qb2 Qe3 49. Qf2 Qd3 50. Qb6 Qa3 51. Qb5 h5 52. Qb6 Kg7 53. h4 Qa2+ 54. Qf2 Qb1 55. Qa7 Qb2+ 56. Qf2 1/2-1/2

[Event "TUR-chT"]
[Site "Konya"]
[Date "2011.07.06"]
[Round "10"]
[White "Kazdagli, Benan"]
[Black "Kerigan, Demre"]
[Result "0-1"]
[WhiteElo "1868"]
[BlackElo "2134"]
[PlyCount "86"]
[EventDate "2011.06.28"]
[EventType "team-swiss"]
[EventRounds "13"]
[EventCountry "TUR"]
[SourceTitle "CBM 143 Extra"]
[Source "ChessBase"]
[SourceDate "2011.08.29"]
[SourceVersion "1"]
[SourceVersionDate "2011.08.29"]
[SourceQuality "1"]
[WhiteTeam "Isek Aquamatch"]
[BlackTeam "Yapi Kredi"]
[WhiteTeamCountry "TUR"]
[BlackTeamCountry "TUR"]

1. e4 g6 2. d4 d6 3. Nc3 Bg7 4. Be3 Nf6 5. f3 0-0 6. Qd2 c6 7. g4 b5 8. Nge2 Nbd7 9. g5 Nh5 10. Ng3 Nxg3 11. hxg3 Re8 12. Nd1 Qc7 13. Nf2 Nf8 14. c3 Rb8 15. Rd1 a5 16. Bh3 f5 17. 0-0 e6 18. Kg2 b4 19. g4 Qf7 20. gxf5 exf5 21. Bf4 fxe4 22. fxe4 Bxh3+ 23. Kxh3 Qxa2 24. Bxd6 Qe6+ 25. Ng4 Qxd6 26. e5 Qe6 27. Kg3 bxc3 28. bxc3 Re7 29. Nf6+ Kh8 30. Rf3 a4 31. Rh1 a3 32. c4 Qxc4 33. Rxa3 Rb3+ 34. Rxb3 Qxb3+ 35. Kg4 Qe6+ 36. Kg3 Qb3+ 37. Kg4 Qe6+ 38. Kg3 Rb7 39. Qc2 Rb3+ 40. Kf2 Bxf6 41. gxf6 Ra3 42. Rb1 Ra2 43. Rb2 Qf5+ 0-1

[Event "TUR-chT"]
[Site "Konya"]
[Date "2010.07.01"]
[Round "4"]
[White "Kazdagli, Benan"]
[Black "Sirin, Atakan"]
[Result "0-1"]
[WhiteElo "1823"]
[BlackElo "2250"]
[PlyCount "84"]
[EventDate "2010.06.29"]
[EventType "team-tourn"]
[EventRounds "13"]
[EventCountry "TUR"]
[SourceTitle "CBM 137 Extra"]
[Source "ChessBase"]
[SourceDate "2010.09.01"]
[SourceVersion "1"]
[SourceVersionDate "2010.09.01"]
[SourceQuality "1"]

1. e4 c5 2. Nf3 d6 3. d4 cxd4 4. Nxd4 Nf6 5. Nc3 g6 6. Be3 Bg7 7. f3 Nc6 8. Bc4 Bd7 9. Qd2 0-0 10. 0-0-0 Ne5 11. Bb3 Rc8 12. h4 h5 13. g4 hxg4 14. h5 Nxh5 15. Rdg1 Qa5 16. fxg4 Nxg4 17. Kb1 Rxc3 18. bxc3 Nhf6 19. Bh6 Nxe4 20. Qd3 Qxc3 21. Bxg7 Nd2+ 22. Kc1 Nxb3+ 23. axb3 Qxd3 24. cxd3 Kxg7 25. Rh4 Nf6 26. Kd2 Rc8 27. b4 a6 28. Nb3 Be6 29. Nd4 Bd7 30. Rb1 e5 31. Nf3 Ba4 32. Rb2 Nh5 33. Ng5 f5 34. Rh1 Bc6 35. Rc1 Kf6 36. Nh7+ Kg7 37. Ng5 Rh8 38. Ne6+ Kf6 39. Nc7 Nf4 40. Rb3 Rh2+ 41. Ke1 Re2+ 42. Kd1 Ba4 0-1

[Event "TUR-chT"]
[Site "Konya"]
[Date "2010.06.30"]
[Round "2"]
[White "Kazdagli, Benan"]
[Black "Sipahioglu, Irmak"]
[Result "1-0"]
[WhiteElo "1823"]
[BlackElo "2057"]
[PlyCount "51"]
[EventDate "2010.06.29"]
[EventType "team-tourn"]
[EventRounds "13"]
[EventCountry "TUR"]
[SourceTitle "CBM 137 Extra"]
[Source "ChessBase"]
[SourceDate "2010.09.01"]
[SourceVersion "1"]
[SourceVersionDate "2010.09.01"]
[SourceQuality "1"]

1. e4 e6 2. d4 d5 3. Nc3 Bb4 4. e5 Ne7 5. a3 Bxc3+ 6. bxc3 c5 7. a4 Qc7 8. Nf3 b6 9. Bb5+ Bd7 10. Bd3 Nbc6 11. 0-0 cxd4 12. cxd4 Nb4 13. Ba3 Nxd3 14. Qxd3 Qc4 15. a5 Qxd3 16. cxd3 f6 17. axb6 axb6 18. Rfb1 Ra6 19. Bd6 Ba4 20. Rc1 Ra7 21. g4 Kd7 22. Rxa4 Rxa4 23. Rc7+ Kd8 24. Rxe7 Re8 25. Rxg7 fxe5 26. Nxe5 1-0

[Event "World ol U16 07th"]
[Site "Mersin"]
[Date "2008.08.24"]
[Round "10"]
[White "Pascua, Haridas"]
[Black "Kazdagli, Benan"]
[Result "1-0"]
[WhiteElo "2174"]
[BlackElo "1754"]
[PlyCount "91"]
[EventDate "2008.08.17"]
[EventType "team-swiss"]
[EventRounds "10"]
[EventCountry "TUR"]
[SourceTitle "CBM 126 Extra"]
[Source "ChessBase"]
[SourceDate "2008.11.05"]
[SourceVersion "1"]
[SourceVersionDate "2008.11.05"]
[SourceQuality "1"]

1. d4 Nf6 2. c4 g6 3. Nc3 Bg7 4. e4 d6 5. Nf3 0-0 6. Be2 e5 7. 0-0 Nc6 8. d5 Ne7 9. b4 Ne8 10. a4 h6 11. Ba3 f5 12. Nd2 g5 13. c5 Nf6 14. cxd6 cxd6 15. b5 g4 16. exf5 Bxf5 17. Nc4 Ne8 18. Bxg4 Rc8 19. Be2 Bg6 20. Rc1 Rf4 21. Ne3 Nf5 22. g3 Qg5 23. Ng2 Rd4 24. Qb3 Qd8 25. Qb2 Bf6 26. Bb4 Bg5 27. Rcd1 Qb6 28. Rxd4 Nxd4 29. Bg4 Rd8 30. h4 Be7 31. Rc1 Nf6 32. a5 Qc7 33. Ne2 Nxe2+ 34. Bxe2 Qd7 35. Ne3 Be4 36. f3 Bg6 37. Kh2 Kh8 38. Bf1 Re8 39. Bd2 Bf8 40. b6 axb6 41. Bb5 Qg7 42. Bxe8 Bxe8 43. Qxb6 e4 44. Bc3 exf3 45. Qd8 Be7 46. Bxf6 1-0

[Event "World ol U16 07th"]
[Site "Mersin"]
[Date "2008.08.20"]
[Round "6"]
[White "Kazdagli, Benan"]
[Black "Rindlisbacher, Lars"]
[Result "1/2-1/2"]
[WhiteElo "1754"]
[BlackElo "1980"]
[PlyCount "82"]
[EventDate "2008.08.17"]
[EventType "team-swiss"]
[EventRounds "10"]
[EventCountry "TUR"]
[SourceTitle "CBM 126 Extra"]
[Source "ChessBase"]
[SourceDate "2008.11.05"]
[SourceVersion "1"]
[SourceVersionDate "2008.11.05"]
[SourceQuality "1"]

1. e4 e5 2. Nf3 Nc6 3. Nc3 Nf6 4. d4 exd4 5. Nxd4 Bb4 6. Nxc6 bxc6 7. Bd3 d5 8. exd5 cxd5 9. 0-0 0-0 10. Bg5 c6 11. Qf3 Bd6 12. Bxf6 Qxf6 13. Qxf6 gxf6 14. f4 Rb8 15. Rab1 f5 16. Ne2 Kg7 17. c3 c5 18. b3 Re8 19. Rfe1 Re3 20. Rbd1 Be6 21. Kf2 d4 22. cxd4 cxd4 23. Nxd4 Rxe1 24. Kxe1 Bxf4 25. Nxf5+ Kf6 26. Nd4 Bg4 27. Nf3 h5 28. Bc4 Bxh2 29. Kf2 h4 30. Rd4 Bg3+ 31. Kg1 Bxf3 32. gxf3 Re8 33. Kg2 Rg8 34. Kh3 Ke7 35. Rd5 Rf8 36. Ra5 Bf2 37. Rb5 Rd8 38. Rb7+ Rd7 39. Rxd7+ Kxd7 40. Bxf7 Ke7 41. Bc4 a5 1/2-1/2

[Event "TUR-ch op"]
[Site "Antalya"]
[Date "2008.02.10"]
[Round "11.36"]
[White "Kazdagli, Benan"]
[Black "Hatipoglu, Metin"]
[Result "1-0"]
[WhiteElo "1621"]
[BlackElo "1876"]
[PlyCount "121"]
[EventDate "2008.02.04"]
[EventType "swiss"]
[EventRounds "11"]
[EventCountry "TUR"]
[SourceTitle "CBM 122 Extra"]
[Source "ChessBase"]
[SourceDate "2008.03.04"]
[SourceVersion "1"]
[SourceVersionDate "2008.03.04"]
[SourceQuality "1"]

1. e4 c5 2. Nf3 d6 3. d4 cxd4 4. Nxd4 Nf6 5. Nc3 Nc6 6. f3 e6 7. Be3 Be7 8. Qd2 Bd7 9. g4 0-0 10. 0-0-0 a6 11. g5 Ne8 12. h4 b5 13. Rg1 b4 14. Nb1 a5 15. h5 Nc7 16. f4 d5 17. Nxc6 Bxc6 18. f5 exf5 19. exf5 Re8 20. f6 Bf8 21. g6 Ne6 22. fxg7 Bxg7 23. gxf7+ Kxf7 24. Bd3 Rh8 25. Rdf1+ Ke8 26. Rxg7 Nxg7 27. Bg5 Qd6 28. Re1+ Ne6 29. Bf4 Qe7 30. Bf5 Bd7 31. Qxd5 Ra6 32. Nd2 Rf8 33. Nc4 Rc6 34. Kb1 Rxf5 35. Nd6+ Rxd6 36. Qxf5 Rc6 37. Qxa5 Qc5 38. Qa8+ Kf7 39. Bh6 Qxc2+ 40. Ka1 Qf2 41. Rd1 Ke7 42. Qh8 Qf7 43. Bd2 Rc4 44. Qe5 b3 45. axb3 Rc8 46. Bb4+ Ke8 47. Qh8+ Nf8 48. Re1+ Be6 49. Bxf8 Qxf8 50. Rxe6+ Kd7 51. Qxf8 Rxf8 52. Rh6 Rf7 53. Ka2 Ke8 54. b4 Kf8 55. Ka3 Kg7 56. Rc6 h6 57. Ka4 Rf2 58. b3 Rf3 59. b5 Rf5 60. b6 Rxh5 61. b7 1-0

[Event "TUR-ch op"]
[Site "Antalya"]
[Date "2008.02.09"]
[Round "10.24"]
[White "Sipahioglu, Irmak"]
[Black "Kazdagli, Benan"]
[Result "1-0"]
[WhiteElo "2019"]
[BlackElo "1621"]
[PlyCount "65"]
[EventDate "2008.02.04"]
[EventType "swiss"]
[EventRounds "11"]
[EventCountry "TUR"]
[SourceTitle "CBM 122 Extra"]
[Source "ChessBase"]
[SourceDate "2008.03.04"]
[SourceVersion "1"]
[SourceVersionDate "2008.03.04"]
[SourceQuality "1"]

1. Nf3 Nf6 2. c4 g6 3. b4 Bg7 4. Bb2 d5 5. e3 0-0 6. d4 Nbd7 7. Nbd2 c6 8. Bd3 Re8 9. 0-0 Nh5 10. Qb3 e5 11. cxd5 cxd5 12. dxe5 Nxe5 13. Nxe5 Bxe5 14. Bxe5 Rxe5 15. Nf3 Re7 16. Nd4 Be6 17. Rac1 f5 18. Nxe6 Rxe6 19. Rfd1 Nf6 20. Bc4 Rd6 21. Bxd5+ Rxd5 22. Rc5 Kg7 23. Rcxd5 Nxd5 24. Rxd5 Qc7 25. Qd1 Kf6 26. Qd4+ Ke6 27. Rc5 Qd6 28. Qc4+ Kf6 29. Rd5 Qc6 30. Qd4+ Kf7 31. Rc5 Qb6 32. Qe5 Kf8 33. Rc7 1-0

[Event "TUR-ch op"]
[Site "Antalya"]
[Date "2008.02.08"]
[Round "9.35"]
[White "Kazdagli, Benan"]
[Black "Bapoglu, Ibrahim"]
[Result "1-0"]
[WhiteElo "1621"]
[BlackElo "1959"]
[PlyCount "79"]
[EventDate "2008.02.04"]
[EventType "swiss"]
[EventRounds "11"]
[EventCountry "TUR"]
[SourceTitle "CBM 122 Extra"]
[Source "ChessBase"]
[SourceDate "2008.03.04"]
[SourceVersion "1"]
[SourceVersionDate "2008.03.04"]
[SourceQuality "1"]

1. e4 c5 2. Nf3 d6 3. d4 cxd4 4. Nxd4 Nf6 5. Nc3 a6 6. f3 Nc6 7. Be3 Bd7 8. Qd2 Rc8 9. g4 g6 10. 0-0-0 Bg7 11. Kb1 0-0 12. g5 Nh5 13. Nce2 Qc7 14. Rc1 e5 15. Nb3 a5 16. Ng3 a4 17. Na1 Nf4 18. h4 Na5 19. Qb4 Nc4 20. Bxc4 Qxc4 21. Qxc4 Rxc4 22. Rcd1 Rc6 23. Rh2 Be6 24. Ne2 Nxe2 25. Rxe2 Rfc8 26. Red2 Bf8 27. b3 b5 28. Kb2 Be7 29. Rd3 Kg7 30. c3 Ra6 31. Nc2 axb3 32. axb3 d5 33. exd5 Bf5 34. d6 Bd8 35. Nb4 Bxd3 36. Nxa6 Be2 37. Rd5 Bxf3 38. Rxe5 Rc6 39. Bd4 Rxd6 40. Rd5+ 1-0

[Event "TUR-ch op"]
[Site "Antalya"]
[Date "2008.02.05"]
[Round "3.21"]
[White "Kazdagli, Benan"]
[Black "Ataman, Alper Efe"]
[Result "0-1"]
[WhiteElo "1621"]
[BlackElo "2209"]
[PlyCount "113"]
[EventDate "2008.02.04"]
[EventType "swiss"]
[EventRounds "11"]
[EventCountry "TUR"]
[SourceTitle "CBM 122 Extra"]
[Source "ChessBase"]
[SourceDate "2008.03.04"]
[SourceVersion "1"]
[SourceVersionDate "2008.03.04"]
[SourceQuality "1"]

1. e4 c5 2. Nf3 Nc6 3. d4 cxd4 4. Nxd4 Nf6 5. Nc3 e5 6. Ndb5 d6 7. Bg5 a6 8. Na3 b5 9. Nd5 Be7 10. Bxf6 Bxf6 11. c3 0-0 12. Nc2 Bg5 13. a4 bxa4 14. Ncb4 Bd7 15. Qxa4 Nxb4 16. Qxb4 Rb8 17. Qa3 a5 18. b3 Bb5 19. Bxb5 Rxb5 20. 0-0 f5 21. f3 Qb8 22. b4 axb4 23. cxb4 g6 24. Qd3 Kg7 25. Ra6 fxe4 26. fxe4 Rb7 27. Rxf8 Qxf8 28. b5 Qc8 29. Qc3 Qxc3 30. Nxc3 Be3+ 31. Kf1 Bd4 32. Ne2 Bc5 33. Nc3 Bb4 34. Nd5 Rxb5 35. Nxb4 Rxb4 36. Rxd6 Rxe4 37. Kf2 Ra4 38. Re6 Ra5 39. Kf3 Kf7 40. Rb6 h6 41. Ke4 Ra2 42. Kxe5 Re2+ 43. Kf4 Rxg2 44. h3 h5 45. Ra6 h4 46. Ra3 Kg7 47. Rb3 Kh6 48. Rb5 Rg3 49. Ra5 g5+ 50. Kf5 Rf3+ 51. Ke4 Rxh3 52. Ra6+ Kh5 53. Ra8 Rb3 54. Rh8+ Kg4 55. Rh7 Rf3 56. Rg7 Rf8 57. Kd4 0-1

[Event "TUR-ch op"]
[Site "Antalya"]
[Date "2008.02.05"]
[Round "4.45"]
[White "Olcum, Ahmet"]
[Black "Kazdagli, Benan"]
[Result "1-0"]
[WhiteElo "1870"]
[BlackElo "1621"]
[PlyCount "55"]
[EventDate "2008.02.04"]
[EventType "swiss"]
[EventRounds "11"]
[EventCountry "TUR"]
[SourceTitle "CBM 122 Extra"]
[Source "ChessBase"]
[SourceDate "2008.03.04"]
[SourceVersion "1"]
[SourceVersionDate "2008.03.04"]
[SourceQuality "1"]

1. b4 d5 2. Bb2 Qd6 3. a3 e5 4. g3 g6 5. Bg2 Bg7 6. d3 c6 7. Nd2 f5 8. f4 Ne7 9. Ngf3 Nd7 10. 0-0 0-0 11. e3 b6 12. c4 Ba6 13. Qb3 Kh8 14. Qc3 d4 15. exd4 exf4 16. gxf4 Qxf4 17. Rae1 Qd6 18. c5 bxc5 19. dxc5 Bxc3 20. Bxc3+ Kg8 21. cxd6 Nd5 22. Bd4 Bxd3 23. Rf2 Nf4 24. Re7 Rf7 25. Rxf7 Kxf7 26. Ng5+ Kg8 27. Rxf4 h6 28. Ne6 1-0

[Event "TUR-ch op"]
[Site "Antalya"]
[Date "2008.02.04"]
[Round "1.30"]
[White "Kazdagli, Benan"]
[Black "Narman, Gokhan"]
[Result "1/2-1/2"]
[WhiteElo "1621"]
[BlackElo "2093"]
[PlyCount "97"]
[EventDate "2008.02.04"]
[EventType "swiss"]
[EventRounds "11"]
[EventCountry "TUR"]
[SourceTitle "CBM 122 Extra"]
[Source "ChessBase"]
[SourceDate "2008.03.04"]
[SourceVersion "1"]
[SourceVersionDate "2008.03.04"]
[SourceQuality "1"]

1. e4 e6 2. d4 d5 3. e5 c5 4. c3 Nc6 5. Nf3 Bd7 6. a3 Rc8 7. Bd3 Qb6 8. Bc2 cxd4 9. cxd4 Nxd4 10. Nxd4 Bc5 11. Ne2 Bxf2+ 12. Kf1 f6 13. Bf4 g5 14. Bg3 Bxg3 15. hxg3 fxe5 16. Qd2 Nf6 17. Nbc3 Rf8 18. Ke1 e4 19. Rf1 h6 20. Ba4 Ke7 21. Nd4 Rc4 22. Ndb5 d4 23. Ne2 Bxb5 24. Bxb5 e3 25. Qd3 Qxb5 26. Rd1 e5 27. Rf5 Rc5 28. Qxb5 Rxb5 29. Nxd4 Rd5 30. Nf3 Rxd1+ 31. Kxd1 Rd8+ 32. Ke2 Rd5 33. Rxe5+ Rxe5 34. Nxe5 Ke6 35. Nc4 Ng4 36. Nxe3 Nxe3 37. Kxe3 Kf5 38. Kf3 h5 39. b3 a6 40. b4 b5 41. g4+ Kg6 42. Kg3 Kh6 43. Kh3 hxg4+ 44. Kxg4 Kg6 45. g3 Kf6 46. Kf3 Ke5 47. Kg4 Kf6 48. Kf3 Ke5 49. g4 1/2-1/2